| 000 | 00540nam a22001817a 4500 | ||
|---|---|---|---|
| 005 | 20251108164046.0 | ||
| 008 | 250721s1995 xx 000 0 ara d | ||
| 082 | 1 | 4 | _a909.82/برا |
| 100 | 1 | _aالبراك، مبارك | |
| 245 | 1 | 0 | _aالتذكرة في أحداث القرن العشرين 1900-1998 / |
| 264 | 1 |
_aالكويت : _bالسلام، _c1995. |
|
| 300 | _a111ص | ||
| 650 | 1 | 7 | _aالتاريخ الحديث |
| 650 | 1 | 7 | _aالقرن العشرون |
| 650 | 1 | 7 | _aتاريخ العالم |
| 942 |
_2ddc _cBK |
||
| 999 |
_c2577 _d2577 |
||